000 01821cam a22002891 4500
001 10183746
003 ARRUPE
005 20131121172952.0
008 720808s1938 xx 000 0 eng
010 _a 39001982
035 _a(OCoLC)374787
040 _aDLC
_cOAU
_dCB
_dDLC
042 _apremarc
050 0 0 _aPR4453.C4
_bC55
082 _a828.91
100 1 _aChesterton, G. K.
_q(Gilbert Keith),
_d1874-1936
_93640
245 1 4 _aThe coloured lands,
_cby G. K. Chesterton; illustrated by the author.
260 _aNew York,
_bSheed & Ward,
_c1938.
300 _avii, [1], 9-238 p.
_bincl. illus., plates (part col.)
_c25 cm.
500 _aA collection of prose and verse written between 1891 and 1934.
500 _aPrinted in Great Britain.
500 _aIntroduction (p. 9-16) signed: Maisie Ward.
505 0 _aThe coloured lands -- Bob-up-and-down -- The whale's wooing -- The disadvantage of having two heads -- Ballade of kindness to motorists -- The jazz -- Half-hours in Hades -- Dreams -- Stilton and Milton -- In the evening -- Triolet -- The end of the anecdote -- The wild goose chase -- The artistic side -- Ballade of the grotesque -- A song of wild fruit -- Paints in a paint-box -- A fragment -- Les boileaux -- The two taverns -- Tagtug and the tree of knowledge -- Ballade of the tea-pot -- The professor and the cook -- Girl guides -- Wonder and the wooden post -- Ballade of dead men -- The taming of the nightmare -- On household gods and goblins -- The phantom butler -- The joys of science -- The legend of the sword -- Plakkopytrixophylisperambulantiobatrix -- Christmas and the first games -- Ballade of a stoic -- A nightmare -- Homesick at home.
700 1 _aWard, Maisie,
_d1889-1975.
_93641
906 _a7
_bcbc
_coclcrpl
_du
_encip
_f19
_gy-gencatlg
942 _2lcc
_cMONOGRAPH
999 _c118628
_d118628